000 00761nam a22002297a 4500
003 OSt
005 20221028225717.0
008 221021b |||||||| |||| 00| 0 eng d
020 _a950-720-040-1
040 _cBiblioteca LadoV
082 _a708
_bM986o
100 _9253
110 _aMuseo Municipal de Bellas Artes "Juan B. Castagnino"
_eautor
245 _aObras del Museo Castagnino/
260 _aBuenos Aires, Argetina
_c2000
_bEdiciones de Arte Gaglianone
300 _a79p.
_c24x30cm
650 _2Tesauro de Arte & Arquitectura
_aEXPOSICION
650 _2Tesauro de Arte & Arquitectura
_aMUSEO
650 _2Tesauro de Arte & Arquitectura
_aARTE VISUAL
700 _aWolbers, Hans
_eautor
942 _2ddc
_c1
_h708
_iM986o
_n0
999 _c2426
_d2426